header

Miracle on 133rd Street (Record no. 263925)

MARC details
000 -LEADER
fixed length control field 00272nam a22001097a 4500
020 ## - INTERNATIONAL STANDARD BOOK NUMBER
ISBN 9780689878879
100 ## - MAIN ENTRY--AUTHOR NAME
Personal name Sonia Manzano
245 ## - TITLE STATEMENT
Title Miracle on 133rd Street
250 ## - EDITION STATEMENT
Edition statement First edition
260 ## - PUBLICATION, DISTRIBUTION, ETC. (IMPRINT)
Place of publication New York
Name of publisher Atheneum Books for Young Readers
Year of publication 2015
942 ## - ADDED ENTRY ELEMENTS (KOHA)
Koha item type Long Loan Books
Holdings
Withdrawn status Lost status Collection code Home library Current library Shelving location Date acquired Accession Number Koha item type
    Fiction Rongo University Library Rongo University Library Children's Area 19/06/2024 CL2021049 Long Loan Books

© 2026 Rongo University
Contact us: librarian | system librarian | Rongo university